00627nam a22002057a 450000500170000002000320001704000340004908200120008310000210009524500700011625000120018626000530019830000250025144000250027650400190030154600090032065000490032965000220037870000210040020251006082115.0 a9788175341227cTZS 10,548/= aMCCLbeng.eAACR 2nd rev. ed. a347 DWO aDworkin, Gerald  aOdgers' construction of deeds and statutesb c/ Gerald, Dworkin  a5th ed. aNew Delhi:bUniversal Law of publishing, cc2003 axlv, 488 p.:c23 cm. aThird indian reprint aIncludes index aeng. aInterpretation and constructionbLaw Britain aLegal composition aDworkin, Gerald